00500nam a2200217Ia 4500008004100000020001800041050001500059100001800074245002300092245002200115245002100137260001500158260001600173260000900189300001600198300002000214300001000234300002400244440000600268500000800274170918s9999 xx 000 0 und d a9780545230926 bW549w 2011 aWeyn, Suzanne aWildwood stables : btaking the leap / cby Suzanne Weyn. aNew York : bScholastic, c2011 a162 pages : billustrations ; c19cm. eWildwood stables ;  a6 a760